000
00207nam a2200085Ia 4500
008
120527s9999 xx 000 0 und d
100
_a
CLEGG, J.
245
_a
Critical issues in clinical practices
942
_c
BK
999
_c
25704
_d
25704